[Event "Campeonato Brasileiro Amador 2015"]
[Site "Esporte Clube Pinheiros, São P"]
[Date "2015.05.01"]
[Round "2.25"]
[White "Yoshioka, Andre"]
[Black "Rodrigo Da Silva, Edson"]
[Result "0-1"]
[WhiteElo "1754"]
[BlackElo "1963"]
[PlyCount "166"]
[EventDate "2015.04.30"]

1. d4 Nf6 2. c4 e6 3. Nc3 Bb4 4. e3 c5 5. Nge2 d5 6. a3 Ba5 7. dxc5 dxc4 8.
Qxd8+ Kxd8 9. Nd4 Ne4 10. Bd2 Bxc3 11. Bxc3 Nxc3 12. bxc3 Nd7 13. Rd1 Ke7 14.
c6 Nb6 15. e4 e5 16. cxb7 Bxb7 17. Nf5+ Kf8 18. Nd6 Ba6 19. Kd2 g6 20. Kc2 Ke7
21. a4 Rhd8 22. a5 Rxd6 23. Rxd6 Kxd6 24. axb6 axb6 25. Be2 Bb7 26. Kb2 Kc5 27.
f3 Rd8 28. Rd1 Rxd1 29. Bxd1 f5 30. Bc2 f4 31. Bd1 g5 32. h3 Bc6 33. Bc2 h5 34.
Bd1 Bd7 35. Bc2 g4 36. hxg4 hxg4 37. Bd1 g3 38. Be2 b5 39. Bf1 b4 40. Be2 Ba4
41. Bf1 Bd1 42. Kc1 Bb3 43. Kb2 Kb5 44. Be2 Ka4 45. Bf1 Kb5 46. Be2 Kc5 47. Bf1
Ba4 48. Be2 Bd7 49. Bf1 Be6 50. Be2 Bh3 51. Bf1 Bd7 52. Be2 Ba4 53. Bf1 Bd1 54.
cxb4+ Kxb4 55. Kc1 Bb3 56. Kd2 Ba4 57. Be2 Bb3 58. Bf1 c3+ 59. Kc1 Kc5 60. Ba6
Kd4 61. Bc8 Ke3 62. Bg4 Ba4 63. Be6 Kf2 64. Bh3 Bb3 65. Kb1 Bd1 66. Kc1 Bxf3
67. gxf3 g2 68. Bxg2 Kxg2 69. Kc2 Kxf3 70. Kxc3 Ke2 71. Kc4 f3 72. Kd5 f2 73.
Kxe5 f1=Q 74. Kd5 Qf8 75. e5 Qe7 76. e6 Qc7 77. Ke4 Qc5 78. Kf4 Kd3 79. Kg4 Ke3
80. e7 Qxe7 81. Kf5 Kf3 82. Kg6 Kf4 83. Kh6 Kf5 0-1

[Event "Campeonato Brasileiro Amador 2015"]
[Site "Esporte Clube Pinheiros, São P"]
[Date "2015.05.01"]
[Round "2.26"]
[White "Frois, Vitor Amorim"]
[Black "Ribeiro, Marcos Willian De So"]
[Result "0-1"]
[WhiteElo "1735"]
[BlackElo "1948"]
[PlyCount "66"]
[EventDate "2015.04.30"]

1. e4 c5 2. Nf3 d6 3. d4 cxd4 4. Nxd4 Nf6 5. Nc3 g6 6. Be3 Bg7 7. f3 O-O 8. Qd2
Nc6 9. O-O-O d5 10. exd5 Nxd5 11. Nxc6 bxc6 12. Bd4 e5 13. Bc5 Be6 14. Bc4 Re8
15. Nxd5 cxd5 16. Bxd5 Bxd5 17. Qxd5 Qg5+ 18. Qd2 Qh4 19. Qb4 e4 20. Rd7 Rab8
21. Rb7 Qf4+ 22. Kb1 Rxb7 23. Qxb7 Rb8 24. Be3 Qe5 25. f4 Qe8 26. Qxa7 Bxb2 27.
Bc5 Bc3+ 28. Kc1 Qd8 29. Qxb8 Qxb8 30. Ba3 Qxf4+ 31. Kb1 e3 32. g3 Qb8+ 33. Kc1
e2 0-1

[Event "Campeonato Brasileiro Amador 2015"]
[Site "Esporte Clube Pinheiros, São P"]
[Date "2015.05.01"]
[Round "2.27"]
[White "Cordioli, Jairo Ribeiro"]
[Black "Auriemo, Danielle Ferreira"]
[Result "0-1"]
[WhiteElo "1945"]
[BlackElo "1643"]
[PlyCount "66"]
[EventDate "2015.04.30"]

1. d4 d5 2. c4 c6 3. Nc3 Nf6 4. Nf3 e6 5. Bg5 Be7 6. e3 O-O 7. Rc1 Nbd7 8. cxd5
Nxd5 9. Bxe7 Qxe7 10. Bd3 Nxc3 11. Rxc3 e5 12. dxe5 Nxe5 13. Nxe5 Qxe5 14. O-O
Be6 15. Qc2 h6 16. Rc5 Qf6 17. b3 Rad8 18. f4 Qe7 19. f5 Bd5 20. e4 Bxb3 21.
axb3 Rxd3 22. Qxd3 Qxc5+ 23. Kh1 Re8 24. h3 Qb4 25. Rf4 a5 26. Rg4 h5 27. Rf4
a4 28. bxa4 Qxa4 29. Qf3 Qa1+ 30. Kh2 Qe5 31. g3 Rd8 32. Qxh5 Rd2+ 33. Kg1 Qd4+
0-1

[Event "Campeonato Brasileiro Amador 2015"]
[Site "Esporte Clube Pinheiros, São P"]
[Date "2015.05.01"]
[Round "2.28"]
[White "Dias, Matheus Nunes"]
[Black "Ikeda, Vinicius Yasuto"]
[Result "1-0"]
[WhiteElo "1638"]
[BlackElo "1944"]
[PlyCount "108"]
[EventDate "2015.04.30"]

1. d4 Nf6 2. Nf3 e6 3. c4 d5 4. cxd5 exd5 5. Nc3 c6 6. Bf4 Qb6 7. Qc2 Be7 8. e3
Nh5 9. Bg3 Be6 10. Bd3 h6 11. Rb1 Nd7 12. Be5 Rg8 13. Bh7 Rf8 14. Bd3 g5 15. h3
f5 16. g4 fxg4 17. Bg6+ Kd8 18. hxg4 Rxf3 19. Rxh5 Nxe5 20. dxe5 Bxg4 21. Rxh6
Rh3 22. Rxh3 Bxh3 23. Bf5 Bg2 24. Qe2 Qb4 25. Qh5 Qh4 26. Qf7 Qh8 27. Ne2 Qe8
28. Qg7 Qf8 29. Qg6 Qe8 30. Qg7 Kc7 31. Nd4 Kb6 32. a3 Qf8 33. Qh7 Re8 34. b4
Qg8 35. Qh2 Be4 36. Bxe4 dxe4 37. e6 Qh8 38. Qg2 Qe5 39. Qg4 Qd5 40. Qh5 Rd8
41. Qf7 Qd6 42. Nf5 Qd2+ 43. Kf1 Qd3+ 44. Kg2 Qxb1 45. Qxe7 Rd5 46. Nd6 Rxd6
47. Qxd6 Qd3 48. Qc5+ Kc7 49. e7 Qd7 50. Qe5+ Kc8 51. Qf6 Qd1 52. Qf8+ Kd7 53.
e8=Q+ Kc7 54. Qef7+ Kb6 1-0

[Event "Campeonato Brasileiro Amador 2015"]
[Site "Esporte Clube Pinheiros, São P"]
[Date "2015.05.01"]
[Round "2.29"]
[White "Peixoto, Helio Ricardo Soutin"]
[Black "Silvestre Da Silva, Sidnei"]
[Result "1-0"]
[WhiteElo "1943"]
[BlackElo "1542"]
[PlyCount "87"]
[EventDate "2015.04.30"]

1. e4 c6 2. Qe2 d5 3. d3 dxe4 4. dxe4 h6 5. Nc3 Nf6 6. Nf3 Bg4 7. h3 Bxf3 8.
Qxf3 e6 9. Bc4 Bc5 10. Qg3 g5 11. Bd2 Nbd7 12. O-O-O Qe7 13. e5 Nd5 14. Ne4
O-O-O 15. Ba5 N5b6 16. Bb3 f5 17. exf6 Nxf6 18. Nxc5 Qxc5 19. Bxe6+ Nfd7 20.
Qc3 Qxc3 21. Bxc3 Rhe8 22. Rhe1 Kc7 23. Bg7 h5 24. Bh6 Nc5 25. Rxd8 Rxd8 26.
Bxg5 Rf8 27. Bh4 Nxe6 28. Rxe6 Rg8 29. Bg3+ Kd7 30. Rh6 Nd5 31. Rxh5 Nf6 32.
Re5 a6 33. c4 Rh8 34. Rg5 Ke6 35. Be5 Rf8 36. Bxf6 Rxf6 37. f3 Rf7 38. h4 Rf4
39. Rg4 Rf5 40. Kc2 b5 41. Kc3 a5 42. Rg6+ Kd7 43. Rg5 Rf6 44. cxb5 1-0

[Event "Campeonato Brasileiro Amador 2015"]
[Site "Esporte Clube Pinheiros, São P"]
[Date "2015.05.01"]
[Round "2.35"]
[White "Brandao, Renan Alves"]
[Black "Andor, Jorge"]
[Result "1-0"]
[WhiteElo "2113"]
[BlackElo "1761"]
[PlyCount "133"]
[EventDate "2015.04.30"]

1. d4 Nf6 2. Nc3 d5 3. Bg5 Ne4 4. Nxe4 dxe4 5. f3 h6 6. Bf4 g5 7. Be5 f6 8. Bg3
Bf5 9. e3 Bg7 10. fxe4 Bxe4 11. Qh5+ Kf8 12. Nf3 c6 13. Bc4 Qe8 14. Qxe8+ Kxe8
15. O-O-O Nd7 16. h4 b5 17. Be2 Kf7 18. Rdf1 g4 19. Ne1 h5 20. Bd3 Bg6 21.
Bxg6+ Kxg6 22. Nd3 a5 23. Rf2 e5 24. dxe5 fxe5 25. Rhf1 Rad8 26. Rf5 Bh6 27.
Nxe5+ Nxe5 28. Rxe5 Rhe8 29. Re1 Rxe5 30. Bxe5 Kf5 31. Bc7 Re8 32. Kd2 a4 33.
Kd3 Re7 34. e4+ Ke6 35. Ba5 c5 36. Ke2 Rd7 37. Kf2 Rf7+ 38. Ke2 Rf4 39. Kd1 Rf2
40. Re2 g3 41. Rxf2 gxf2 42. Ke2 Be3 43. Bc7 b4 44. Bg3 c4 45. b3 cxb3 46. cxb3
axb3 47. axb3 Bc5 48. Bxf2 Be7 49. Kd3 Bf6 50. g3 Bc3 51. Be3 Be1 52. Bf4 Bc3
53. Ke2 Bd4 54. Kf3 Bc3 55. g4 hxg4+ 56. Kxg4 Kf6 57. h5 Bd4 58. Kf3 Bc3 59.
Ke2 Kg7 60. Kd3 Kf6 61. Kc4 Ke6 62. h6 Kf7 63. Kd5 Kg8 64. e5 Kh7 65. e6 Kg6
66. Be5 Kxh6 67. e7 1-0

[Event "Campeonato Brasileiro Amador 2015"]
[Site "Esporte Clube Pinheiros, São P"]
[Date "2015.05.01"]
[Round "2.36"]
[White "Abdalla, Jose Lucas Aurelli"]
[Black "Nobre, Jailson Altair Barbo"]
[Result "1-0"]
[WhiteElo "2096"]
[BlackElo "1758"]
[PlyCount "53"]
[EventDate "2015.04.30"]

1. e4 c5 2. Nf3 e6 3. d3 d5 4. Nbd2 Nc6 5. g3 Qc7 6. Bg2 Nf6 7. O-O Be7 8. Qe2
dxe4 9. dxe4 e5 10. c3 O-O 11. Nh4 Be6 12. Nf5 Rad8 13. Nc4 b5 14. Nce3 a6 15.
g4 h6 16. h4 Bxf5 17. exf5 c4 18. g5 hxg5 19. hxg5 Nh7 20. Nd5 Qd6 21. Rd1 Bxg5
22. Bxg5 Nxg5 23. Nb4 Nd4 24. Qg4 Qe7 25. cxd4 Qxb4 26. Qxg5 exd4 27. f6 1-0

[Event "Campeonato Brasileiro Amador 2015"]
[Site "Esporte Clube Pinheiros, São P"]
[Date "2015.05.01"]
[Round "2.37"]
[White "Ueti, Silvio Shigueo"]
[Black "Batista, Francisco Klemberg M"]
[Result "0-1"]
[WhiteElo "2075"]
[BlackElo "1748"]
[PlyCount "62"]
[EventDate "2015.04.30"]

1. c4 c5 2. g3 Nf6 3. Bg2 Nc6 4. Nf3 e6 5. d4 cxd4 6. Nxd4 Bb4+ 7. Bd2 Bxd2+ 8.
Qxd2 O-O 9. Nc3 d5 10. cxd5 exd5 11. O-O Re8 12. Nxc6 bxc6 13. e3 Rb8 14. b3
Qe7 15. Rac1 Be6 16. e4 dxe4 17. Nxe4 Bd5 18. Nxf6+ Qxf6 19. Bxd5 cxd5 20. Qxd5
Qb2 21. Rc7 Rf8 22. Rxa7 Rbd8 23. Qf3 Qc2 24. b4 Rd3 25. Qb7 h5 26. b5 h4 27.
a4 h3 28. Re1 Qe2 29. Qe7 Qf3 30. Kf1 Rd2 31. Qe4 Qxf2# 0-1

[Event "Campeonato Brasileiro Amador 2015"]
[Site "Esporte Clube Pinheiros, São P"]
[Date "2015.05.01"]
[Round "2.40"]
[White "Nunes Jr, Sidney"]
[Black "Jesus, Mariana De"]
[Result "1/2-1/2"]
[WhiteElo "2044"]
[BlackElo "1727"]
[PlyCount "151"]
[EventDate "2015.04.30"]

1. e4 c5 2. Nf3 Nc6 3. Bb5 d6 4. O-O Nf6 5. Qe2 g6 6. c3 a6 7. Bxc6+ bxc6 8. d4
cxd4 9. cxd4 Bg4 10. Nc3 Bxf3 11. Qxf3 Qc7 12. Bg5 Bg7 13. Rac1 Qb7 14. e5 dxe5
15. dxe5 Nd5 16. Rfe1 e6 17. Nxd5 cxd5 18. Qa3 Bf8 19. Qa5 Bb4 20. Qa4+ Qb5 21.
Qxb5+ axb5 22. Red1 Kd7 23. a3 Ba5 24. Rc5 Rab8 25. Rdc1 Rhc8 26. Be3 Bd8 27.
Kf1 Be7 28. Rxc8 Rxc8 29. Rxc8 Kxc8 30. Bd4 Kb7 31. Ke2 Kc6 32. b4 Bg5 33. Be3
Be7 34. Kd3 f6 35. Bd4 fxe5 36. Bxe5 Bd6 37. f4 Be7 38. g4 Bd8 39. h3 Be7 40.
Ke3 Bd8 41. Bd4 Be7 42. Kf3 Bd6 43. Be5 Be7 44. Bg7 Bd8 45. Ke3 Bb6+ 46. Kd3
Kd7 47. h4 h5 48. gxh5 gxh5 49. Bf6 Bc7 50. Bg5 e5 51. f5 Kd6 52. Kc3 Kd7 53.
a4 bxa4 54. b5 d4+ 55. Kb4 e4 56. Kxa4 e3 57. Kb4 Bb6 58. Kc4 Ba5 59. Kd3 Kd6
60. Bf6 Bb6 61. Bg7 Ke7 62. Be5 Kf7 63. Ke2 Ke7 64. Kd3 Kf7 65. Bg3 Kf6 66. Ke4
Ba7 67. Be5+ Ke7 68. Kd3 Bb6 69. Kc4 e2 70. Bg3 Kf6 71. Kd3 Kxf5 72. Kxe2 Ke4
73. Bd6 d3+ 74. Kd2 Ba5+ 75. Kd1 Bb6 76. Kd2 1/2-1/2

[Event "Campeonato Brasileiro Amador 2015"]
[Site "Esporte Clube Pinheiros, São P"]
[Date "2015.05.01"]
[Round "2.41"]
[White "Bonfim, Regina Rodrigues"]
[Black "Francelli, Derli"]
[Result "0-1"]
[WhiteElo "2025"]
[BlackElo "1696"]
[PlyCount "52"]
[EventDate "2015.04.30"]

1. d4 d5 2. Nf3 Nf6 3. Bg5 e6 4. e3 Be7 5. Bd3 h6 6. Bh4 O-O 7. O-O Nbd7 8.
Nbd2 c5 9. c3 b6 10. Ne5 Bb7 11. f4 cxd4 12. exd4 Ne4 13. Bxe7 Qxe7 14. Qe2
Ndf6 15. Rf3 Nxd2 16. Qxd2 Ne4 17. Qe2 Nd6 18. Raf1 Rac8 19. g4 Qh4 20. Rg3 Ne4
21. Rg2 a6 22. f5 Ng5 23. Kh1 Ne4 24. Nf3 Qe7 25. Qe3 exf5 26. gxf5 Ng3+ 0-1

[Event "Campeonato Brasileiro Amador 2015"]
[Site "Esporte Clube Pinheiros, São P"]
[Date "2015.05.01"]
[Round "2.42"]
[White "Costa, Francisco Carlos Da "]
[Black "Teshima, Ricardo Yoshida"]
[Result "0-1"]
[WhiteElo "2001"]
[BlackElo "1690"]
[PlyCount "64"]
[EventDate "2015.04.30"]

1. e4 e5 2. Nf3 Nf6 3. d3 Nc6 4. Be2 Bc5 5. O-O d5 6. Bg5 dxe4 7. Bxf6 Qxf6 8.
dxe4 O-O 9. c3 Qg6 10. Qc2 Bh3 11. Ne1 Rad8 12. Kh1 Be6 13. Nf3 a6 14. Nbd2 Kh8
15. Nh4 Qg5 16. Ndf3 Qh5 17. b4 Bb6 18. Nf5 Bxf5 19. exf5 Qh6 20. Rad1 Qf6 21.
Qe4 Rxd1 22. Bxd1 Qd6 23. Bc2 f6 24. Bb3 Rd8 25. h3 Qd3 26. Bc2 Qxf1+ 27. Kh2
Qc1 28. g3 Bxf2 29. Kg2 Qe3 30. Qg4 Bg1 31. Bb3 Qf2+ 32. Kh1 Rd2 0-1

[Event "Campeonato Brasileiro Amador 2015"]
[Site "Esporte Clube Pinheiros, São P"]
[Date "2015.05.01"]
[Round "2.43"]
[White "Miquelin, Nicolas Seoane"]
[Black "Carlos, Roberta Souto"]
[Result "1-0"]
[WhiteElo "2000"]
[BlackElo "1682"]
[PlyCount "73"]
[EventDate "2015.04.30"]

1. Nf3 Nf6 2. c4 d6 3. Nc3 g6 4. g3 Bg7 5. Bg2 c5 6. d4 cxd4 7. Nxd4 Qb6 8. Nc2
Ng4 9. O-O e6 10. Ne4 Be5 11. Ne3 Nf6 12. c5 Qb5 13. Nxd6+ Bxd6 14. Qxd6 Nc6
15. a4 Qa6 16. Bxc6+ Qxc6 17. Qe5 Ke7 18. Ng4 Nxg4 19. Qxh8 b6 20. Bg5+ f6 21.
Qg7+ Ke8 22. Bxf6 Nxf6 23. Qxf6 Bb7 24. f3 Qxc5+ 25. Rf2 Bd5 26. Qh8+ Kf7 27.
Qxh7+ Kf6 28. Qh4+ Kg7 29. b4 Qc3 30. Qe7+ Kg8 31. Rd1 Qc2 32. Rd4 Qc3 33. Rg4
Qg7 34. Qxg7+ Kxg7 35. Rd4 Rc8 36. e4 Bb3 37. Rd7+ 1-0

[Event "Campeonato Brasileiro Amador 2015"]
[Site "Esporte Clube Pinheiros, São P"]
[Date "2015.05.01"]
[Round "2.44"]
[White "Carvalho Jr, Celestino"]
[Black "Penha, Evelyn Maximiano"]
[Result "1-0"]
[WhiteElo "1997"]
[BlackElo "1652"]
[PlyCount "75"]
[EventDate "2015.04.30"]

1. d4 Nf6 2. c4 g6 3. Nc3 Bg7 4. e4 d6 5. f4 O-O 6. Nf3 Na6 7. Bd3 e5 8. fxe5
dxe5 9. d5 Qd6 10. O-O Bd7 11. a3 c6 12. b4 cxd5 13. cxd5 Nc7 14. Be3 b6 15.
Kh1 Ng4 16. Bg1 f5 17. Rc1 Rac8 18. h3 Nf6 19. Nd2 Nh5 20. Nc4 Qf6 21. d6 Ng3+
22. Kh2 Nxf1+ 23. Bxf1 b5 24. dxc7 bxc4 25. Qxd7 fxe4 26. Bxc4+ Kh8 27. Be3
Rfe8 28. Rd1 h5 29. Nxe4 Qh4 30. Bd5 Qe7 31. Bb7 Rxc7 32. Qxe7 Rexe7 33. Rd8+
Kh7 34. Ng5+ Kh6 35. Ne6+ Kh7 36. Nxc7 Rxc7 37. Be4 Rc3 38. Rd3 1-0

[Event "Campeonato Brasileiro Amador 2015"]
[Site "Esporte Clube Pinheiros, São P"]
[Date "2015.05.01"]
[Round "2.45"]
[White "Awoki, Daniel Teidi"]
[Black "Lopes Pereira, Eder"]
[Result "1-0"]
[WhiteElo "1993"]
[BlackElo "1649"]
[PlyCount "43"]
[EventDate "2015.04.30"]

1. e4 c5 2. Nf3 d6 3. d4 cxd4 4. Nxd4 Nf6 5. Nc3 a6 6. Be3 e5 7. Nb3 Be7 8. Qd2
O-O 9. O-O-O Be6 10. f4 b5 11. f5 Bc4 12. Bd3 Nbd7 13. Qe2 Rc8 14. Bxc4 Rxc4
15. Nd2 Rc6 16. g4 Qc7 17. g5 Ne8 18. Nd5 Qd8 19. Rhg1 f6 20. g6 Nc7 21. Qh5 h6
22. Bxh6 1-0

[Event "Campeonato Brasileiro Amador 2015"]
[Site "Esporte Clube Pinheiros, São P"]
[Date "2015.05.01"]
[Round "2.46"]
[White "Lima, Eduardo Augusto Fabr"]
[Black "Tamarozi, Isaque"]
[Result "1-0"]
[WhiteElo "1975"]
[BlackElo "1644"]
[PlyCount "87"]
[EventDate "2015.04.30"]

1. d4 Nf6 2. c4 e6 3. Nc3 Bb4 4. Qc2 O-O 5. a3 Bxc3+ 6. Qxc3 b6 7. Bg5 d5 8.
cxd5 exd5 9. Nf3 Nbd7 10. e3 Bb7 11. Ne5 Rc8 12. Nxd7 Qxd7 13. Bxf6 gxf6 14.
Be2 Qd6 15. Bg4 Rce8 16. Rc1 Re7 17. O-O Bc8 18. Bf3 Be6 19. Qc2 f5 20. Qa4 a5
21. Rc3 Kh8 22. g3 Rg8 23. Rfc1 f4 24. Qc2 fxg3 25. hxg3 Bh3 26. Qe2 f5 27. Bg2
Bxg2 28. Kxg2 Reg7 29. Qe1 f4 30. exf4 Qxf4 31. Qe5 Qxe5 32. dxe5 c5 33. Rb3
Rb8 34. Rxc5 bxc5 35. Rxb8+ Rg8 36. Rb5 Rc8 37. Kf3 h5 38. Ke3 a4 39. Ra5 Kg7
40. Rxa4 Kf7 41. f4 Ke6 42. Ra6+ Kf5 43. Kf3 d4 44. Rf6# 1-0

[Event "Campeonato Brasileiro Amador 2015"]
[Site "Esporte Clube Pinheiros, São P"]
[Date "2015.05.01"]
[Round "2.47"]
[White "Pinto, Ana Vitoria"]
[Black "Benitez, Ed Carlos Leite Luqu"]
[Result "0-1"]
[WhiteElo "1644"]
[BlackElo "1974"]
[PlyCount "84"]
[EventDate "2015.04.30"]

1. e4 c5 2. Nf3 e6 3. d4 cxd4 4. Nxd4 a6 5. Nc3 Qc7 6. Bd3 Nc6 7. Nf3 Nf6 8. h3
b5 9. a3 Bb7 10. O-O Be7 11. Be3 O-O 12. Re1 Rfd8 13. Bg5 d5 14. exd5 Nxd5 15.
Ne4 Nf4 16. Bxf4 Qxf4 17. Qc1 Qc7 18. Qe3 Na5 19. b3 Rd7 20. a4 b4 21. Neg5
Bxg5 22. Nxg5 h6 23. Nf3 Rad8 24. Rac1 Qc3 25. Qe5 Nxb3 26. Qxc3 bxc3 27. Rb1
Nc5 28. Ne5 Rd4 29. a5 Ra4 30. Ra1 Rxa1 31. Rxa1 f6 32. Nc4 Nxd3 33. cxd3 Rxd3
34. Rc1 Bd5 35. Ne3 Bb3 36. Kf1 Ba4 37. Ke1 Kf7 38. Nd1 Rxd1+ 39. Rxd1 Bxd1 40.
Kxd1 Ke7 41. Kc2 Kd6 42. Kxc3 Kc5 0-1

[Event "Campeonato Brasileiro Amador 2015"]
[Site "Esporte Clube Pinheiros, São P"]
[Date "2015.05.01"]
[Round "2.60"]
[White "Ivanovic, Sebastian"]
[Black "Tamarozi, Isabelle"]
[Result "0-1"]
[WhiteElo "1424"]
[BlackElo "1904"]
[PlyCount "41"]
[EventDate "2015.04.30"]

1. d4 Nf6 2. c4 g6 3. Nf3 Bg7 4. Nc3 O-O 5. Bg5 h6 6. Bh4 d6 7. e4 g5 8. Bg3
Nh5 9. Nxg5 Nxg3 10. hxg3 hxg5 11. Qh5 Re8 12. O-O-O e5 13. dxe5 Rxe5 14. Qh7+
Kf8 15. f4 gxf4 16. gxf4 Re6 17. c5 Qf6 18. f5 Rxe4 19. Bd3 Rb4 20. Qh4 Rxh4
21. Rxh4 0-1

[Event "Campeonato Brasileiro Amador 2015"]
[Site "Esporte Clube Pinheiros, São P"]
[Date "2015.05.01"]
[Round "2.73"]
[White "Souza, Bruna Garcia De"]
[Black "Gomez, Gustavo Pizzocaro"]
[Result "0-1"]
[WhiteElo "1584"]
[BlackElo "2135"]
[PlyCount "134"]
[EventDate "2015.04.30"]

1. c4 c5 2. Nc3 Nc6 3. g3 g6 4. Bg2 Bg7 5. e3 e5 6. b3 Nge7 7. Bb2 O-O 8. Nge2
d6 9. O-O Be6 10. h3 Qd7 11. Kh2 f5 12. f4 d5 13. cxd5 Nxd5 14. Nxd5 Bxd5 15.
Bxd5+ Qxd5 16. Bc3 Rfd8 17. Qc2 Rac8 18. a3 b5 19. Rad1 b4 20. Bb2 bxa3 21.
Bxa3 Nb4 22. Qc4 Qxc4 23. bxc4 Rd3 24. Bb2 exf4 25. Bxg7 fxg3+ 26. Kxg3 Kxg7
27. Nf4 Rd6 28. Kf3 Nc6 29. d3 Ne5+ 30. Ke2 Rb8 31. Rd2 a5 32. Ra2 Nc6 33. Nd5
Rb3 34. Rd1 Rd7 35. Rdd2 Rdb7 36. Nf4 Kf7 37. h4 Rb1 38. Kf3 Rf1+ 39. Kg3 Rg1+
40. Kh3 Rh1+ 41. Kg3 Rbb1 42. Rg2 Rbe1 43. Nd5 Rd1 44. Nf4 Ra1 45. Rab2 Rhb1
46. Nd5 Nb4 47. Nxb4 cxb4 48. Rxb1 Rxb1 49. Ra2 b3 50. Rxa5 b2 51. Ra7+ Kf6 52.
Ra6+ Kg7 53. Ra7+ Kh6 54. Rb7 Rg1+ 55. Kf4 b1=Q 56. Rxb1 Rxb1 57. d4 Kg7 58.
Ke5 Kf7 59. Kd6 h5 60. d5 Rc1 61. c5 g5 62. c6 gxh4 63. Kd7 h3 64. c7 h2 65. d6
h1=Q 66. Kd8 Qa8+ 67. Kd7 Qe8# 0-1

[Event "Campeonato Brasileiro Amador 2015"]
[Site "Esporte Clube Pinheiros, São P"]
[Date "2015.05.01"]
[Round "2.74"]
[White "Bruce, Shannon Hill"]
[Black "Pereira, Daniele Costa"]
[Result "1-0"]
[WhiteElo "2111"]
[BlackElo "1582"]
[PlyCount "74"]
[EventDate "2015.04.30"]

1. g3 d5 2. Nf3 Nf6 3. Bg2 e6 4. O-O Bd6 5. d4 Nbd7 6. c4 c6 7. Nfd2 O-O 8. Nc3
Re8 9. e4 dxe4 10. Ndxe4 Be7 11. Bf4 Nxe4 12. Nxe4 Nf6 13. Nc3 Qb6 14. Qd2 Rd8
15. Rfd1 Qb4 16. b3 Bd7 17. Qc2 Rac8 18. a3 Qa5 19. b4 Qh5 20. h3 g5 21. g4
Nxg4 22. hxg4 Qxg4 23. Bh2 f5 24. Qe2 Qh4 25. Be5 g4 26. c5 Kf7 27. Qe3 Bg5 28.
Bf4 h6 29. Ne2 Qh5 30. Rd3 Qg6 31. Kf1 Rh8 32. Re1 Bxf4 33. Nxf4 Qf6 34. Qe5 h5
35. Rde3 Rce8 36. Nd3 h4 37. Qd6 Re7 1-0

[Event "Campeonato Brasileiro Amador 2015"]
[Site "Esporte Clube Pinheiros, São P"]
[Date "2015.05.01"]
[Round "2.75"]
[White "Pimentel, Rafael Favarin G"]
[Black "Yoshioka, Hugo"]
[Result "1-0"]
[WhiteElo "1992"]
[BlackElo "1578"]
[PlyCount "71"]
[EventDate "2015.04.30"]

1. d4 d5 2. Bf4 Bf5 3. e3 e6 4. Nf3 Nf6 5. Nbd2 Be7 6. c4 c6 7. Qb3 Qc8 8. Be2
O-O 9. h3 Nbd7 10. O-O h6 11. c5 Ne4 12. Nxe4 Bxe4 13. Qc3 a6 14. b4 g5 15. Bh2
Bg6 16. a4 Re8 17. b5 axb5 18. axb5 Bf6 19. Rxa8 Qxa8 20. Nd2 e5 21. Bg4 exd4
22. exd4 Nf8 23. Ra1 Qd8 24. b6 Ne6 25. Nb3 h5 26. Bxe6 Rxe6 27. Ra7 Re7 28.
Bd6 Rd7 29. Bc7 Qe7 30. Rxb7 Qe6 31. Rb8+ Kh7 32. Rc8 Rxc7 33. Rxc7 Bd8 34. Qe3
Qf6 35. Rd7 Bf5 36. Rd6 1-0

[Event "Campeonato Brasileiro Amador 2015"]
[Site "Esporte Clube Pinheiros, São P"]
[Date "2015.05.01"]
[Round "2.76"]
[White "Ferreira, Rafael Cassoni Buelo"]
[Black "Buarque, Hugo Leonardo De Bri"]
[Result "0-1"]
[WhiteElo "1569"]
[BlackElo "1992"]
[PlyCount "116"]
[EventDate "2015.04.30"]

1. e4 c5 2. Nf3 g6 3. d4 cxd4 4. Nxd4 Nc6 5. Nxc6 bxc6 6. Bc4 Nf6 7. Qf3 Bg7 8.
e5 Qa5+ 9. Qc3 Qxc3+ 10. Nxc3 Ng4 11. f4 O-O 12. h3 Nh6 13. Be3 d6 14. exd6
exd6 15. O-O-O Nf5 16. Bf2 d5 17. Bb3 Bh6 18. g3 Be6 19. Kb1 Rfc8 20. g4 Nd6
21. g5 Bg7 22. Bg3 Bf5 23. Rde1 Ne4 24. Nxe4 Bxe4 25. Rh2 a5 26. Ba4 Rab8 27.
a3 Rxb2+ 28. Kc1 Ra2 29. Re3 Ra1+ 30. Kd2 Bb2 31. h4 Bc1+ 32. Ke2 Bxe3 33. Kxe3
Rxa3+ 34. Kf2 Rxa4 35. h5 gxh5 36. Rxh5 Ra2 37. Ke3 Rxc2 38. Kd4 c5+ 39. Ke5
Re8+ 40. Kd6 a4 41. f5 Bxf5 42. g6 fxg6 43. Rh4 d4 44. Be5 a3 45. Rh1 a2 46.
Kc6 Rxe5 47. Kb5 Rc3 48. Rg1 Bb1 49. Rg3 a1=Q 50. Rxc3 Qxc3 51. Kc6 c4 52. Kd6
d3 53. Kc6 Kf7 54. Kd7 Qd4+ 55. Kc6 Qd5+ 56. Kc7 Re6 57. Kc8 Re7 58. Kb8 Qd8#
0-1

[Event "Campeonato Brasileiro Amador 2015"]
[Site "Esporte Clube Pinheiros, São P"]
[Date "2015.05.01"]
[Round "2.77"]
[White "Lisboa Torres, Eduardo"]
[Black "Vilas Boas, Crisolon Terto"]
[Result "1-0"]
[WhiteElo "1941"]
[BlackElo "1568"]
[PlyCount "79"]
[EventDate "2015.04.30"]

1. d4 e6 2. c4 Nf6 3. Nc3 d5 4. e3 Be7 5. Nf3 O-O 6. Qc2 h6 7. a3 a6 8. c5 b6
9. b4 b5 10. a4 c6 11. axb5 cxb5 12. Bxb5 Bd7 13. Bd3 Nc6 14. Ba3 a5 15. b5 Nb4
16. Qb1 Ne8 17. O-O f5 18. Bxb4 axb4 19. Rxa8 Qxa8 20. Qxb4 Bd8 21. Ne5 Nf6 22.
b6 Bc8 23. c6 Qb8 24. Rb1 Ne4 25. Bxe4 dxe4 26. b7 Bf6 27. c7 Qxc7 28. b8=Q Qe7
29. Qxe7 Bxe7 30. Qc7 Bf6 31. Ng6 Re8 32. Rb8 Bd7 33. Rxe8+ Bxe8 34. Qb8 Kf7
35. Nf4 g5 36. Nxe6 Bd7 37. Nc5 Be8 38. Nd5 Bg7 39. Qc8 Bb5 40. Qb7+ 1-0

[Event "Campeonato Brasileiro Amador 2015"]
[Site "Esporte Clube Pinheiros, São P"]
[Date "2015.05.01"]
[Round "2.78"]
[White "Castro, Leonardo Nascimento"]
[Black "Karoly, Carlos Acacio Gomes"]
[Result "1/2-1/2"]
[WhiteElo "1550"]
[BlackElo "1853"]
[PlyCount "56"]
[EventDate "2015.04.30"]

1. Nf3 Nf6 2. g3 g6 3. b3 Bg7 4. Bb2 O-O 5. c4 c5 6. d4 cxd4 7. Nxd4 Nc6 8. Bg2
Qb6 9. O-O a6 10. Na3 d6 11. Nac2 Bd7 12. Qd2 Rac8 13. Rad1 Rfd8 14. Qc1 Qa5
15. Qa1 b5 16. Nxc6 Bxc6 17. Bxc6 Rxc6 18. Bc3 Qb6 19. cxb5 axb5 20. Nb4 Rcc8
21. Nd5 Nxd5 22. Bxg7 Nc7 23. Bh6 Ne6 24. Be3 Qa5 25. Rc1 Ra8 26. Rc2 Rdc8 27.
Rfc1 Rxc2 28. Rxc2 h5 1/2-1/2

[Event "Campeonato Brasileiro Amador 2015"]
[Site "Esporte Clube Pinheiros, São P"]
[Date "2015.05.01"]
[Round "2.79"]
[White "Casarin, Luis Marcio Pinhatti"]
[Black "Assad, Otavio"]
[Result "1-0"]
[WhiteElo "1848"]
[BlackElo "1539"]
[PlyCount "87"]
[EventDate "2015.04.30"]

1. Nf3 d5 2. d4 f5 3. b3 e6 4. e3 Nf6 5. Be2 c6 6. O-O Bd6 7. c4 O-O 8. Nc3 Qe8
9. Bb2 Ne4 10. Rc1 Rf6 11. Qc2 Rh6 12. cxd5 exd5 13. Nxd5 Nd7 14. Nc3 Ndf6 15.
Nxe4 Nxe4 16. Ne5 Qe7 17. g3 Be6 18. Bc4 Kf8 19. Bxe6 Qxe6 20. Qc4 Qe7 21. Rc2
Re8 22. f3 Nf6 23. e4 Rh5 24. Rcf2 Nd7 25. Nxd7+ Qxd7 26. e5 Bc7 27. Ba3+ Re7
28. Qc5 Bb6 29. Qxe7+ Qxe7 30. Bxe7+ Kxe7 31. Rd2 c5 32. d5 c4+ 33. Kg2 c3 34.
Rc2 Bd4 35. f4 g5 36. Rd1 Bb6 37. fxg5 Rxg5 38. Rxc3 f4 39. e6 fxg3 40. Rxg3
Rf5 41. Rg7+ Kd6 42. Rd7+ Ke5 43. e7 Rg5+ 44. Kh1 1-0